000 00635nam a2200205Ia 4500
003 IN-BaIIA
008 211028s9999 xx 000 0 eng d
020 _a0-471-07100-5
040 _cIIA Library
080 _a535.4
_bBER
100 _aBerne, Bruce J
_99907
245 0 _aDynamic light scattering
_bwith applications to chemistry, biology and physics
_cBruce J. Berne and Robert Pecora.
260 _aNew York
_bJohn Wiley & Sons
_c1976
300 _avii, 376p.
650 _aAstronomy and astrophysics thesaurus
650 _aLight scattering
_93487
650 _aMolecules
_94897
700 _aPecora, Robert
_99909
942 _cBK
999 _c5763
_d5763